=LDR 00000nam 2200000 4500 =001 INLIS000000000011247 =005 20130612102830 =008 ***********************************Ind** =035 ##$$0010-061300000011247 =041 ##$$a Ind =082 ##$$a 631.541 =090 ##$$a 631.541, Wud M =100 ##$$a wudianto, Rini =245 ##$$a Membuat Setek, Congkak dan Okulasi, Rini Wudianto =260 ##$$a 1989 $b Jakarta =300 ##$$a 150 hlm, ilus, 21 cm =650 ##$$a Penangkalan =850 ##$$a NBPNMAT